000 01738cam a22004457a 4500
001 000094618
003 CHAP
005 20220329143035.0
008 051007d2005 mx a b r 00110 spa d
010 _a91084
011 _a92056
035 _a102619
040 _cCHAP
090 _aTesis
100 1 _aHernández Vázquez, Miriam de los Angeles.
_954750
245 1 3 _aEl mercado del arroz (Oriza sativa) en el Distrito Federal y zona conurbada :
_bretos y oportunidades para la producción de Campeche /
_c/por Miriam de los Angeles Hernández Vázquez y Víctor Manuel Vásquez Navarrete.
260 _aChapingo, Méx. :
_bEl autor,
_c2005.
300 _a87 h. :
_bilus.; gráfs.; cuadros, mapas.
502 _aTesis (Ing. en Agroindustrial ) -- UACH. Departamento de Ingenieria Agroindustrial
590 _aALEPH
_b10
_c20130110
_lUCH01
_h1506
590 _aBATCH-UPD
_b10
_c20130110
_lUCH01
_h0616
590 _aBATCH-UPD
_b10
_c20130410
_lUCH01
_h0258
590 _aBATCH-UPD
_b10
_c20130914
_lUCH01
_h0405
590 _aBATCH-UPD
_b10
_c20140324
_lUCH01
_h1451
590 _aBATCH-UPD
_b10
_c20141002
_lUCH01
_h0826
590 _aCONVERSION
_b10
_c20130109
_lUCH01
_h1350
590 _aE12093SGE
_b10
_c20130705
_lUCH01
_h1414
650 1 4 _aArroz
_xCampeche.
_97577
650 1 4 _aArroz
_xConsumo.
_97582
650 1 4 _aArroz
_xMercadeo.
_97632
650 1 4 _aArroz
_xRendimiento.
_97651
700 0 _aVásquez Navarrete, Víctor Manuel.
_9120251
856 _3Finding aid
_uhttp://10.13.5.2/tesis/102619.pdf
_zTeclea aquí
901 _aBK
905 _aElisama A. H.
942 _cFOLL
942 _n0
949 _aTesis
_bBC
_cTES
_d102619
_eTS1
_h43872
_i102619
_sb
949 _aTesis
_bBC
_cTES
_d33724000962635
_eTS2
_fc.2
_h43873
_i102619
_si
999 _c91084
_d91084